000 00715nam a2200265 i 4500
001 C2-0234088
003 PPAK
005 20180727194638.0
008 010627s2000 my |||| ||||| | may d
020 _a9830777707
040 _aPPAK
_beng
_cPPAK
_erda
082 0 4 _a899.233
_223
090 0 0 _a899.233
_bNOR
_dG
100 0 _aNor Atiqah Ghazali,
_eauthor
245 1 0 _aDerita berlalu ketenangan berkekalan
264 1 _aJohor Bahru, Johor :
_bJahabersa ,
_c2000
300 _a211 pages ;
_c17 cm
336 _2rdacontent
_atext
337 _2rdamedia
_aunmediated
338 _2rdacarrier
_avolume
490 1 _aSiri novel sufi
650 1 0 _aMalay fiction
830 0 _aSiri novel sufi
942 _ddc
_cB
999 _c50416
_d50416